000 01702nam a22002537a 4500
999 _c58365
_d58365
003 Ge_BSU
005 20221221141215.0
008 211203s2021 ge ||||| |||| 00| 0 geo d
041 _ageo
080 _a902/904 დ-90
100 _aდუმბაძე, იზოლდა
_913161
245 _aმევენახეობა-მეღვინეობა აჭარაში არქეოლოგიური ძეგლების მიხედვით :
_bდისერტაცია /
_cიზოლდა დუმბაძე; სამეცნ ხელ-ბი : ამირან კახიძე, მინდია ჯალაბაძე
264 _aბათუმი,
_c2021.
300 _a220 გვ.
_bილ.
_c30 სმ.
501 _aსურ.გვ.201-220
504 _aბიბლიოგრ. გვ. 177-196
653 _aმევენახეობა აჭარაში
653 _aარქეოლოგია
653 _aდისერტაცია
700 _aკახიძე, ამირან
_eსამეცნიერო ხელმძღვანელი
_9103
700 _aჯალაბაძე, მინდია
_eსამეცნიერო ხელმძღვანელი
_913162
710 _aბათუმის შოთა რუსთაველის სახელმწიფო უნივერსიტეტი.
_bჰუმანიტარულ მეცნიერებათა ფაკულტეტი. ისტორიის არქეოლოგიის და ეთნოლოგიის დეპარტამენტი
_913163
942 _2udc
_cDS